Наблюдение формирования когерентного рентгеновского излучения 800 МэВ электронов в периодической трёхкристальной мишени; Письма в Журнал экспериментальной и теоретической физики; Т. 65, № 8

Bibliografski detalji
Parent link:Письма в Журнал экспериментальной и теоретической физики: научно-теоретический журнал/ Российская академия наук (РАН).— , 1965-
Т. 65, № 8.— 1997.— [С. 594-599]
Daljnji autori: Андреяшкин М. Ю., Забаев В. Н. Виктор Николаевич, Каплин В. В. Валерий Викторович, Накаяма К., Endo I., Углов С. Р. Сергей Романович
Sažetak:Заглавие с экрана
Jezik:ruski
Izdano: 1997
Teme:
Online pristup:http://www.jetpletters.ac.ru/ps/1004/article_15258.shtml
Format: Elektronički Poglavlje knjige
KOHA link:https://koha.lib.tpu.ru/cgi-bin/koha/opac-detail.pl?biblionumber=636672

MARC

LEADER 00000nla0a2200000 4500
001 636672
005 20250402092506.0
035 |a (RuTPU)RU\TPU\network\712 
090 |a 636672 
100 |a 20140227d1997 k||y0rusy50 ca 
101 0 |a rus 
102 |a RU 
135 |a drnn ---uucaa 
181 0 |a i  
182 0 |a b 
200 1 |a Наблюдение формирования когерентного рентгеновского излучения 800 МэВ электронов в периодической трёхкристальной мишени  |f М. Ю. Андреяшкин [и др.] 
203 |a Текст  |c электронный 
300 |a Заглавие с экрана 
320 |a [Библиогр.: с. 599 (8 назв.)] 
461 |t Письма в Журнал экспериментальной и теоретической физики  |o научно-теоретический журнал  |f Российская академия наук (РАН)  |d 1965- 
463 |t Т. 65, № 8  |v [С. 594-599]  |d 1997 
610 1 |a электронный ресурс 
610 1 |a труды учёных ТПУ 
610 1 |a синхротроны 
610 1 |a рентгеновское излучение 
610 1 |a когерентное излучение 
610 1 |a исследования 
701 1 |a Андреяшкин  |b М. Ю. 
701 1 |a Забаев  |b В. Н.  |c физик  |c доцент Томского политехнического университета, ведущий научный сотрудник  |f 1946-  |g Виктор Николаевич  |3 (RuTPU)RU\TPU\pers\28133 
701 1 |a Каплин  |b В. В.  |c физик  |c ведущий научный сотрудник Томского политехнического университета  |f 1947-  |g Валерий Викторович  |3 (RuTPU)RU\TPU\pers\28141  |9 13099 
701 1 |a Накаяма  |b К. 
701 1 |a Endo  |b I. 
701 1 |a Углов  |b С. Р.  |c физик  |c ведущий научный сотрудник Томского политехнического университета, кандидат физико-математических наук  |f 1958-  |g Сергей Романович  |3 (RuTPU)RU\TPU\pers\28130  |9 13088 
801 2 |a RU  |b 63413507  |c 20150603  |g RCR 
856 4 |u http://www.jetpletters.ac.ru/ps/1004/article_15258.shtml 
942 |c CF